| 000 | 00504nam a22001817a 4500 | ||
|---|---|---|---|
| 005 | 20150915124312.0 | ||
| 010 | _aENG-113942 | ||
| 020 |
_c400.00 _a9789350450819 |
||
| 035 | _aEN-97474 | ||
| 037 |
_bDBAD/PUB _adpl |
||
| 082 | _aN | ||
| 100 | _aDasgupta, Priyonkar | ||
| 245 |
_aThe speaking ghost of Rajpur / _cby Priyonkar Dasgupta |
||
| 260 |
_aCalcutta _bWriters Workshop _c2014 |
||
| 270 |
_a162/92, Lake Gardens, _bCalcutta _e700045 |
||
| 300 |
_a312p. _c22cm(Hb) |
||
| 942 |
_2ddc _cEN _mDAS _hN |
||
| 999 |
_c96519 _d96519 |
||